Seinfeldisms Quiz Stats

 Plays Quiz Updated Sep 20, 2018

Score 0/53 Timer 10:00
21 Plays Today
Clue Phrase % Correct
I WAS IN THE POOLShrinkage
91.2%
Commonly follows references to homosexualityNot that there's anything wrong with that
73.1%
It rhymes with a female body partMulva
68.2%
Pole, airing of grievances, feats of strengthFestivus
67.6%
One who is prejudiced against tooth doctorsAnti-dentite
66.5%
Frank's relaxation techniqueSERENITY NOW
65.2%
Describes a woman whose unusual speech habit led to Jerry wearing her puffy shirt Low-talker
64.3%
One who recycles presentsRe-gifter
62.4%
Kramer's controversially-named supportive inventionBro/Manssiere
60.9%
Heard during toilet paper shortagesI can't spare a square
60.5%
It's like putting your whole mouth in the bowlDouble dip
58.7%
A place to keep your secretsIn the vault
52.8%
They're running out of youThe Jerk Store
51.5%
A common aliasArt Vandelay
51%
Yev Kassem's catchphraseNO SOUP FOR YOU
50.7%
He was right, it's MoorsBubble boy
49.3%
Slamming on the brakes to get a cheap feelStopping short
48.7%
Hair brushing - good, crouching - badGood naked/Bad naked
48.5%
Line from a Woody Allen movieThese pretzels are making me thirsty
45%
Judge Reinhold's character, I really wish he'd back upClose-talker
44.6%
Teri Hatcher's description of her breastsThey're real and they're spectacular
43.9%
Someone who has so far maintained self-controlMaster of your domain
40.1%
One who merits the cost of sexual relationsSpongeworthy
39%
Dude sounds like a ladyHigh-talker
38.2%
Limb spasms during sleepJimmy legs
38%
One who looks significantly different depending on the lighting Two-face
37.7%
Converting sexualityChanging teams
34.7%
Clue Phrase % Correct
Makes you feel much better than gesundheitYou are soooo good looking
34.3%
Such a succinct phraseYada Yada Yada
34.2%
The mailman is hereHello, Newman
33.6%
Just a fat little mental patientPigman
30.1%
Tony, prior to a rock-climbing tripMimbo
30.1%
George invented this lineIt's not you, It's me
27.7%
The lure of the animalKavorka
27.5%
Sue Ellen Mischke, prior to receiving a giftBraless Wonder
24%
Like a creature out of Greek mythology. Part woman, part horrible beastManhands
23.6%
To impregnate a womanSlip one past the goalie
22.6%
How can the same street intersect with itself?I must be at the nexus of the universe
21.7%
George's remark upon discovering the curative properties of mangoI think it moved
21.5%
14 years down the drainVomit streak
19%
How about an intercourse hello?Kiss hello
18.8%
The allure of a non-Jewish womanShiksappeal
16.8%
Susan's retort to an apologyYou can stuff your sorries in a sack
15.6%
One who is prejudiced against the follically challengedBaldist
14.1%
I've been issued a public urination pass by the city for this conditionUromysitisis Poisoning
13.6%
When you hear it turn the water on full blastHOOCHIE MAMA
10.7%
A way to ask if one is pleased with somethingHappy, Pappy?
9.8%
Everyone wears the ribbon. You HAVE to wear the ribbon.Ribbon bully
4.2%
When a particular digit breaks rank so to speakCoup d'etoe
4.2%
Planetary postulation?Worlds theory
3.9%
Era of frequent hat usageBald paradise
3.9%
Deserving of an explosive interactionBombable
2%
If you break it you may wind up being accused of murderThe covenant of the keys
1.5%

You're not logged in!

Compare scores with friends on all Sporcle quizzes.
OR
Log In

Sporcle TV

Today on Sporcle TV


Watch our educational content, quiz creation guides, and fun videos on Sporcle TV.

Show Comments

Extras

Top Quizzes Today


Score Distribution

Your Account Isn't Verified!

In order to create a playlist on Sporcle, you need to verify the email address you used during registration. Go to your Sporcle Settings to finish the process.

Report this User

Report this user for behavior that violates our Community Guidelines.

Details: